Souřadnice Vegy /
Příběhy jedné rodiny i dalších lidí z pomezí Karpat se zdánlivě odvíjejí nezávisle na sobě, ale postupně se odkrývá propletenec mezilidských vztahů s téměř detektivní zápletkou.
Uloženo v:
| Hlavní autor: | |
|---|---|
| Médium: | Kniha |
| Jazyk: | Czech |
| Vydáno: |
Praha :
Ikar,
2026
|
| Vydání: | Vydání první |
| Témata: | |
| Celkem bylo vypůjčeno: | 1x |
| Tagy: |
Žádné tagy |
| LEADER | 01981nam a2200361 i 4500 | ||
|---|---|---|---|
| 001 | 106460 | ||
| 003 | CZ PrNK | ||
| 005 | 20260603110341.0 | ||
| 007 | ta | ||
| 008 | 260520s2026 xr g 000 f cze | ||
| 015 | |a cnb003750274 | ||
| 020 | |a 9788024959665 |q (vázáno) | ||
| 040 | |a ABG001 |b cze |e rda | ||
| 072 | 7 | |a 821.162.3-3 |x Česká próza |2 Konspekt |9 25 | |
| 080 | |a 821.162.3-31 |2 MRF | ||
| 080 | |a (0:82-31) |2 MRF | ||
| 100 | 1 | |a Křivánková, Pavlína, |d 1974- |7 xx0301994 |4 aut |9 114314 | |
| 245 | 1 | 0 | |a Souřadnice Vegy / |c Pavlína Křivánková |
| 250 | |a Vydání první | ||
| 264 | 1 | |a Praha : |b Ikar, |c 2026 | |
| 300 | |a 266 stran ; |c 21 cm | ||
| 336 | |a text |b txt |2 rdacontent | ||
| 337 | |a bez média |b n |2 rdamedia | ||
| 338 | |a svazek |b nc |2 rdacarrier | ||
| 500 | |a Obálkový podnázev: příběh o vině a mlčení | ||
| 520 | 2 | |a Příběhy jedné rodiny i dalších lidí z pomezí Karpat se zdánlivě odvíjejí nezávisle na sobě, ale postupně se odkrývá propletenec mezilidských vztahů s téměř detektivní zápletkou. |b V jednom domě se znovu potkávají sourozenci Magda a Petr, jejich matka Barbora a lidé z vesnice i nedalekého města. Na povrch vyplouvají skrytá zranění - ztráta dítěte, domácí násilí, vina i touha po vykoupení. Autorka nás retrospektivně provádí osudy jednotlivých postav, skládá střípky milostných i rodinných vztahů až k tragické události, která stála na počátku příběhu a trvale ovlivnila životy hrdinů knihy, a ukazuje, jak obtížné je vymanit se z rodinného i společenského tlaku. Nakladatelská anotace. | |
| 655 | 7 | |a české romány |7 fd133974 |2 czenas |9 54031 | |
| 655 | 9 | |a Czech fiction |2 eczenas | |
| 710 | 2 | |a Ikar (nakladatelství) |7 xx0237091 |4 pbl |9 117123 | |
| 910 | |a UOG502 | ||
| 942 | |2 ddc |c KN | ||
| 999 | |d 106460 | ||
| 993 | |0 0 |1 421180107177 |2 ddc |4 0 |7 0 |9 99896 |b 0 |c 107177 |d 2026-06-03 |e 1 |f DOSP |h 399.00 |i Koupě |l DOSP |q 2026-07-16 |r 2026-06-04 |s 2026-06-04 |t 6 |w 2026-06-03 |y KN |z BELET |n | ||